Ser gay en México una identidad difícil de encontrar /

Asumir nuestra identidad genérica y sexual, sobre todo si no pertenecemos a la mayoría, es una tarea muy difícil en especial en las sociedades más tradicionalistas, como la sociedad mexicana, donde el acto performativo de ‘salir del clóset’ ha sido un hecho histórico importante no solo para los homo...

Teljes leírás

Elmentve itt :
Bibliográfiai részletek
Szerző: Petkova Ingrid
Dokumentumtípus: Cikk
Megjelent: Hungaria Szeged 2022
Sorozat:Acta hispanica 27
Kulcsszavak:Homoszexualitás - Mexikó - 21. sz., Identitás
doi:10.14232/actahisp.2022.27.59-70

Online Access:http://acta.bibl.u-szeged.hu/82327
LEADER 01733nab a2200217 i 4500
001 acta82327
005 20231120153227.0
008 231120s2022 hu o 0|| eng d
022 |a 1416-7263 
024 7 |a 10.14232/actahisp.2022.27.59-70  |2 doi 
040 |a SZTE Egyetemi Kiadványok Repozitórium  |b hun 
041 |a eng 
041 |a spa 
100 1 |a Petkova Ingrid 
245 1 0 |a Ser gay en México   |h [elektronikus dokumentum] :  |b una identidad difícil de encontrar /  |c  Petkova Ingrid 
260 |a Hungaria  |b Szeged  |c 2022 
300 |a 59-70 
490 0 |a Acta hispanica  |v 27 
520 3 |a Asumir nuestra identidad genérica y sexual, sobre todo si no pertenecemos a la mayoría, es una tarea muy difícil en especial en las sociedades más tradicionalistas, como la sociedad mexicana, donde el acto performativo de ‘salir del clóset’ ha sido un hecho histórico importante no solo para los homosexuales, sino para toda la sociedad. En mi artículo presentaré brevemente este proceso y además, cómo se manifiesta en los términos que emplean para denominar a los gays. Assuming our gender and sexual identity, especially if we do not belong to the majority, is a very difficult task. Particularly so, in more traditional societies, such as Mexican one, where the performative act of ‘coming out’ has been an important historical fact not only for homosexuals, but for the whole society. In my article I will briefly present this process and also how it manifests itself in the terms used to denominate gay men by themselves and by those who don’t belong to that group. 
695 |a Homoszexualitás - Mexikó - 21. sz., Identitás 
856 4 0 |u http://acta.bibl.u-szeged.hu/82327/1/hispanica_027_059-070.pdf  |z Dokumentum-elérés